Distribución de recursos del certificado de incentivo forestal - (CIF de reforestación), para la vigencia de 2004 / (Registro nro. 1360)
[ vista simple ]
| 000 -CABECERA | |
|---|---|
| Campo de control | 00955cam a2200253 a 4500 |
| 005 - FECHA Y HORA DE LA ULTIMA TRANSACCION | |
| Campo de control | 20160816092728.0 |
| 008 - ELEMENTOS DE LONGITUD FIJA—INFORMACION GENERAL | |
| Campo de control | 990722s1999 ck z f00010 spa d |
| 040 ## - FUENTE DE CATALOGACIÓN | |
| Agencia catalogadora original | la |
| Agencia transcriptora | la |
| Agencia Modificadora | CO-BoIAVH |
| 041 0# - IDIOMA | |
| Código de idioma para texto/pista de sonido o título separado | Español |
| 044 ## - PAÍS DE PUBLICACIÓN | |
| País de publicación | Colombia |
| 082 04 - NUMERO DE CLASIFICACION DECIMAL DEWEY | |
| Número de clasificación | 634.956 |
| Número del ítem | C71d |
| 110 1# - ASIENTO PRINCIPAL--NOMBRE CORPORATIVO | |
| Nombre corporativo o de jurisdicción como elemento de entrada | Colombia |
| Unidad subordinad | Departamento Nacional de Planeación. |
| 9 (RLIN) | 6745 |
| 245 10 - MENCION DE TITULO | |
| Título | Distribución de recursos del certificado de incentivo forestal - (CIF de reforestación), para la vigencia de 2004 / |
| Mención de responsabilidad | Departamento Nacional de Planeación. |
| 260 ## - PUBLICACION, DISTRIBUCION, ETC. (PIE DE IMPRENTA) | |
| Lugar de publicación, distribución, etc. | Santafé de Bogotá : |
| Nombre del editor, distribuidor, etc. | El Departamento, |
| Fecha de publicación, distribución, etc. | 2004. |
| 300 ## - DESCRIPCION FISICA | |
| Extensión | 5 hojas ; |
| Dimensiones | 28 x 22 cm. |
| 500 ## - NOTA GENERAL | |
| Nota general | Documento Conpes 3309. |
| 500 ## - NOTA GENERAL | |
| Nota general | Fotocopia. |
| 500 ## - NOTA GENERAL | |
| Nota general | Versión aprobada. |
| 650 26 - ASIENTO SECUNDARIO DE MATERIA - TERMINO TEMATICO | |
| Término temático o nombre geográfico como elemento de entrada | Reforestación |
| Subdivisión general | Finanzas |
| Subdivisión geográfica | Colombia |
| 9 (RLIN) | 74325 |
| 650 26 - ASIENTO SECUNDARIO DE MATERIA - TERMINO TEMATICO | |
| Término temático o nombre geográfico como elemento de entrada | Distribución del ingreso |
| Subdivisión geográfica | Colombia |
| Subdivisión cronológica | 2004 |
| 9 (RLIN) | 74326 |
| 650 24 - ASIENTO SECUNDARIO DE MATERIA - TERMINO TEMATICO | |
| Término temático o nombre geográfico como elemento de entrada | Certificado de Incentivo Forestal |
| Subdivisión cronológica | 2004 |
| 9 (RLIN) | 74327 |
| 650 26 - ASIENTO SECUNDARIO DE MATERIA - TERMINO TEMATICO | |
| Término temático o nombre geográfico como elemento de entrada | Economía forestal |
| Subdivisión geográfica | Colombia |
| 9 (RLIN) | 74328 |
| 942 ## - ELEMENTOS ADICIONALES (KOHA) | |
| Sistema de clasificación | Dewey Decimal Classification |
| Tipo de ítem | Libro |
| Withdrawn status | Lost status | Sistema de Clasificación | Damaged status | No para préstamo | Colección | Inventariado | Ubicación Permanente | Ubicación actual | Fecha de adquisición | Total Checkouts | Número topográfico | Inventario / Código de Barras | Date last seen | Ejemplar | Price effective from | Forma de adquisición | Tipo de material |
|---|---|---|---|---|---|---|---|---|---|---|---|---|---|---|---|---|---|
| Dewey Decimal Classification | General | Inventariado 2017 | Bogotá | Bogotá | 04/01/2006 | LB-634.956 C71d | 022774 | 04/12/2012 | Ej. 1 | 04/12/2012 | Donación | Libro |